Perussuomalaisten europarlamentaarikot - Statistics

Yleistilastot
  • Tätä visaa on pelattu 10 kertaa
  • Keskiarvotulos 7 / 9
Vastaustilastot
Vuosi Edustaja % Oikein
2019-2023 Laura Huhtasaari
100%
2024-2029 Sebastian Tynkkynen
100%
2019-2024 Teuvo Hakkarainen
100%
2009-2011 Timo Soini
100%
2014-2019 Jussi Halla-aho
86%
2011-2014 Sampo Terho
71%
2014-2015 Sampo Terho
71%
2015-2019 Pirkko Ruohonen-Lerner
57%
2023-2024 Pirkko Ruohonen-Lerner
57%
Ehtoja vastaavia visoja ei löytynyt
Tulosjakauma
Jokaisen tuloksen saaneiden osuus
Persentiili vastausten määrän mukaan
Tuloshistoriasi
Et ole pelannut tätä visaa